000 00263nam a2200097Ia 4500
001 797618
005 20250826170811.0
008 250824s9999 xx 000 0 und d
245 0 _aAKILLI KITMİR İN SADAKATİ
_cŞEYDA KOÇ ASYALI
260 _bNESİL ÇOCUK YAYINLARI
999 _c797618
_d797618